Charles G. Finney : (Record no. 48805)
[ view plain ]
| 000 -LEADER | |
|---|---|
| fixed length control field | 00824cam a2200265Ia 4500 |
| 001 - CONTROL NUMBER | |
| control field | 2223539 |
| 003 - CONTROL NUMBER IDENTIFIER | |
| control field | SIRSI |
| 005 - DATE AND TIME OF LATEST TRANSACTION | |
| control field | 20191108154209.0 |
| 008 - FIXED-LENGTH DATA ELEMENTS--GENERAL INFORMATION | |
| fixed length control field | 760611s1941 miu 000 0bengm |
| 010 ## - LIBRARY OF CONGRESS CONTROL NUMBER | |
| LC control number | 42000850 |
| 035 ## - SYSTEM CONTROL NUMBER | |
| System control number | (Sirsi) o02223539 |
| 035 ## - SYSTEM CONTROL NUMBER | |
| System control number | (Sirsi) 01-AAR-7857 |
| 036 ## - ORIGINAL STUDY NUMBER FOR COMPUTER DATA FILES | |
| Original study number | u177501 |
| 040 ## - CATALOGING SOURCE | |
| Original cataloging agency | DLC |
| Transcribing agency | PKT |
| Modifying agency | PKT |
| -- | m.c. |
| -- | TSW |
| 100 1# - MAIN ENTRY--PERSONAL NAME | |
| Personal name | Miller, Basil, |
| Dates associated with a name | 1897-1978. |
| 245 10 - TITLE STATEMENT | |
| Title | Charles G. Finney : |
| Remainder of title | he prayed down revivals / |
| Statement of responsibility, etc | by Basil Miller ; official biography for the Finney Sesquicentennial Conference, Chicago, 1942. |
| 250 ## - EDITION STATEMENT | |
| Edition statement | fourth edition |
| 260 ## - PUBLICATION, DISTRIBUTION, ETC. (IMPRINT) | |
| Place of publication, distribution, etc | Grand Rapids, Mich. : |
| Name of publisher, distributor, etc | Zondervan Publishing House, |
| Date of publication, distribution, etc | c1949. |
| 300 ## - PHYSICAL DESCRIPTION | |
| Extent | 137 p. ; |
| Dimensions | 20 cm. |
| 336 ## - CONTENT TYPE | |
| Content Type Term | text |
| 337 ## - MEDIA TYPE | |
| Media Type Term | unmediated |
| 338 ## - CARRIER TYPE | |
| Carrier Type Term | volume |
| 600 10 - SUBJECT ADDED ENTRY--PERSONAL NAME | |
| Personal name | Finney, Charles G., |
| Dates associated with a name | 1792-1875. |
| 942 ## - ADDED ENTRY ELEMENTS (KOHA) | |
| Source of classification or shelving scheme | Library of Congress Classification |
| Item type | Books |
| Withdrawn status | Lost status | Source of classification or shelving scheme | Damaged status | Not for loan | Home library | Current library | Shelving location | Date acquired | Inventory number | Total Checkouts | Full call number | Barcode | Date last seen | Price effective from | Koha item type |
|---|---|---|---|---|---|---|---|---|---|---|---|---|---|---|---|
| Library of Congress Classification | BSOP Library | BSOP Library | GC | 11/08/2019 | 5161 | BX7260 F49 | 00021371 | 11/08/2019 | 11/08/2019 | Books |
